<?xml version="1.0" encoding="UTF-8"?>
<record
    xmlns:xsi="http://www.w3.org/2001/XMLSchema-instance"
    xsi:schemaLocation="http://www.loc.gov/MARC21/slim http://www.loc.gov/standards/marcxml/schema/MARC21slim.xsd"
    xmlns="http://www.loc.gov/MARC21/slim">

  <leader>01788nas a2200277Ia 4500</leader>
  <controlfield tag="001">R266-R6882</controlfield>
  <controlfield tag="003">IT-CnALBA</controlfield>
  <controlfield tag="008">170116c99999999xx ||||||||||||   ||und||</controlfield>
  <datafield tag="040" ind1=" " ind2=" ">
    <subfield code="a">IT-CnALBA</subfield>
    <subfield code="c">IT-CnALBA</subfield>
  </datafield>
  <datafield tag="041" ind1=" " ind2=" ">
    <subfield code="a">ITALIANO</subfield>
  </datafield>
  <datafield tag="100" ind1=" " ind2=" ">
    <subfield code="a">BERNARDI FRANCESCO</subfield>
  </datafield>
  <datafield tag="210" ind1=" " ind2=" ">
    <subfield code="a">MISSIONI CONSOLATA</subfield>
  </datafield>
  <datafield tag="222" ind1=" " ind2=" ">
    <subfield code="a">MISSIONI CONSOLATA</subfield>
  </datafield>
  <datafield tag="245" ind1=" " ind2="0">
    <subfield code="a">MISSIONI CONSOLATA. RIVISTA DELLA FAMIGLIA. SETTEMBRE 1994. BIRMANIA, OLTRE LE PAGODE. </subfield>
  </datafield>
  <datafield tag="250" ind1=" " ind2=" ">
    <subfield code="a">1a ed.</subfield>
  </datafield>
  <datafield tag="260" ind1=" " ind2=" ">
    <subfield code="a"> TORINO - ROMA</subfield>
    <subfield code="b">MISSIONI CONSOLATA </subfield>
    <subfield code="c">1994 [1&#xB0; Ed.:1994 - Ed.Ling.Originale: 1994]</subfield>
  </datafield>
  <datafield tag="300" ind1=" " ind2=" ">
    <subfield code="a">52 p. </subfield>
  </datafield>
  <datafield tag="310" ind1=" " ind2=" ">
    <subfield code="a">MENSILE</subfield>
  </datafield>
  <datafield tag="362" ind1=" " ind2=" ">
    <subfield code="a">Fascicolo: 8 / Anno: 96 (1994)</subfield>
  </datafield>
  <datafield tag="500" ind1=" " ind2=" ">
    <subfield code="a">COLLOQUIO E LETTERA AI LETTORI. SERMIG (TO), QUESTIONI DI IDEALI, OLIVERO E PEROTTI F. SAOUMA E. CASTRO A. L. FULCINI E. MOIOLA P. LA CHIESA NEL MONDO. DOMENICA MISSIONARIA. MISSIONARI QUESTI SCONOSCIUTI. TANZANIA, CAVALCANDO L'ETERE. BIRMANIA, NON SOLO DROGA. MALI'', SEMINA E FIORITURA. COLOMBIA, UN FUTURO DIVERSO. NORD SUD, RIVOLUZIONE SPIRITUALE. CONTRO IL RAZZISMO, NERO &#xC8; BELLO. OSPITALITA' VIRT&#xD9; AFRICANA. RWANDA BURUNDI, LA TRAPPOLA DELLA COSCIENZA. </subfield>
  </datafield>
  <datafield tag="501" ind1=" " ind2=" ">
    <subfield code="a">Societ&#xE0; San Paolo EM - Piazza San Paolo, 14 - 12051 ALBA (CN)  (non commercial uses only) &#xAE; Copyright 2017</subfield>
  </datafield>
  <datafield tag="520" ind1=" " ind2=" ">
    <subfield code="a">COLLOQUIO E LETTERA AI LETTORI. SERMIG (TO), QUESTIONI DI IDEALI, OLIVERO E PEROTTI F. SAOUMA E. CASTRO A. L. FULCINI E. MOIOLA P. LA CHIESA NEL MONDO. DOMENICA MISSIONARIA. MISSIONARI QUESTI SCONOSCIUTI. TANZANIA, CAVALCANDO L'ETERE. BIRMANIA, NON SOLO DROGA. MALI'', SEMINA E FIORITURA. COLOMBIA, UN FUTURO DIVERSO. NORD SUD, RIVOLUZIONE SPIRITUALE. CONTRO IL RAZZISMO, NERO &#xC8; BELLO. OSPITALITA' VIRT&#xD9; AFRICANA. RWANDA BURUNDI, LA TRAPPOLA DELLA COSCIENZA. </subfield>
  </datafield>
  <datafield tag="650" ind1=" " ind2=" ">
    <subfield code="a">MISSIONOLOGIA</subfield>
  </datafield>
  <datafield tag="942" ind1=" " ind2=" ">
    <subfield code="c">CR</subfield>
  </datafield>
  <datafield tag="957" ind1=" " ind2=" ">
    <subfield code="7">1</subfield>
  </datafield>
  <datafield tag="999" ind1=" " ind2=" ">
    <subfield code="a">58448</subfield>
    <subfield code="b">NO</subfield>
    <subfield code="g">1</subfield>
    <subfield code="c">325475</subfield>
    <subfield code="d">325475</subfield>
  </datafield>
  <datafield tag="952" ind1=" " ind2=" ">
    <subfield code="0">0</subfield>
    <subfield code="1">0</subfield>
    <subfield code="4">0</subfield>
    <subfield code="6">R_266R6882</subfield>
    <subfield code="7">1</subfield>
    <subfield code="a">ALBA</subfield>
    <subfield code="b">ALBA</subfield>
    <subfield code="d">2017-01-16</subfield>
    <subfield code="l">0</subfield>
    <subfield code="o">R266-R6882</subfield>
    <subfield code="r">2017-01-16 00:00:00</subfield>
    <subfield code="w">2017-01-16</subfield>
    <subfield code="y">CR</subfield>
    <subfield code="z">(data import: 16 gennaio 2017) - By Epidotti, Vaglietti. </subfield>
  </datafield>
</record>
